| 000 | 01397cad a22002415a 4500 | ||
|---|---|---|---|
| 001 | L151398 | ||
| 008 | 101101s2010 xxkd f s 000 0 eng d | ||
| 035 | _a(Sirsi) u151398 | ||
| 041 | 0 | _aeng | |
| 050 | 0 | 4 | _a346.4104343 $2 18 |
| 110 | 2 |
_aProperty Industry Alliance _95725 |
|
| 245 | 0 | 0 |
_aOccupier satisfaction survey _bSeptember 2010 _h[electronic resource] |
| 260 |
_a[S.l.] _bProperty Industry Alliance and Corenet Global UK _c2010 |
||
| 490 | 0 |
_aUK Occupier Satisfaction Index _v2010 |
|
| 520 | _aThis is the fourth annual survey measuring the satisfaction of commercial occupiers in the UK. This year's survey marks a departure from the three previous editions with an updated and more detailed approach based on the "Code for Leasing Business Premises in England and Wales, 2007" (see L137317). Commercial tenants in the UK are only moderately satisfied with the service they receive from landlords - there is still room for improvement, particularly in areas such as sustainability, service charges and the application for consent process. | ||
| 590 | _aKA | ||
| 650 | 2 | 4 | _aUK OCCUPIER SATISFACTION INDEX |
| 651 | 4 |
_aUnited Kingdom _y |
|
| 690 | _aPROPERTY-COMMERCIAL PROPERTY-COMMERCIAL LANDLORD AND TENANT | ||
| 710 | 1 |
_aCorenet Global _94279 |
|
| 856 | 4 | 0 |
_uhttps://www.occupiersatisfaction.org.uk/ _vView the report free of charge at www.occupiersatisfaction.org.uk |
| 942 | _n0 | ||
| 999 |
_c111340 _d111340 |
||